|
|
|
|
| LEADER |
01220nam a2200349 a 4500 |
| 001 |
000636966 |
| 003 |
CZ BrMZK |
| 005 |
20090729104445.0 |
| 007 |
ta |
| 008 |
021119s2001 xr f cze d |
| 015 |
|
|
|a cnb000890528
|
| 020 |
|
|
|a 80-206-0597-5
|
| 035 |
|
|
|a (OCoLC)53266559
|
| 040 |
|
|
|a BOA001
|b cze
|
| 041 |
1 |
|
|a cze
|h eng
|
| 080 |
|
|
|a 623.443
|2 MRF
|
| 080 |
|
|
|a (031)
|2 MRF
|
| 100 |
1 |
|
|a Hogg, Ian V.,
|d 1926-2002
|7 jn20000602971
|4 aut
|
| 245 |
1 |
0 |
|a Pistole celého světa :
|b úplný ilustrovaný průvodce pistolemi a revolvery světa /
|c Ian Hogg & John Weeks
|
| 250 |
|
|
|a Vyd. 2.
|
| 260 |
|
|
|a Praha :
|b Naše vojsko,
|c 2001
|
| 300 |
|
|
|a 352 s. :
|b il. ;
|c 27 cm
|
| 504 |
|
|
|a Obsahuje rejstřík
|
| 650 |
0 |
7 |
|a revolvery
|7 ph116045
|y 19.-20. stol.
|2 czenas
|
| 650 |
0 |
7 |
|a pistole
|7 ph115728
|y 19.-20. stol.
|2 czenas
|
| 655 |
|
7 |
|a encyklopedie
|7 fd132201
|2 czenas
|
| 700 |
1 |
|
|a Weeks, John
|4 aut
|
| 765 |
0 |
|
|t Pistols of the world
|9 Česky
|
| 910 |
|
|
|a BOA001
|b 3-1108.638
|
| 990 |
|
|
|a BK
|
| 996 |
6 |
|
|b 2610176095
|c 3-1108.638
|l MZK
|r Sklad / do 1 hodiny
|n 2
|p p.v.
|w 000636966
|u 000010
|a 1
|e BOA001
|j MZK50
|s P
|
| 996 |
7 |
|
|b 2610950246
|c 3-1108.638
|l MZK
|r Sklad / do 1 hodiny
|n 0
|p dar
|w 000636966
|u 000020
|a 1
|e BOA001
|j MZK50
|s A
|